00542 2200205 4500001002100000005001500021035002000036008004100056245004100097100002100138260003800159300002700197020001500224084001800239082001200257650002500269990001400294990001400308990001400322INLIS00000000000006620260413040631 a0010-0317000064260413 0 1 a6 kunci sukses beternak ayam kampung aRasyaf, Muhammad aJakarta :bPenebar Swadaya,c2007 aviii, 56 hlm. ;c21 cm a9794895830 a636.585 Ras e a636.585 aCHICKENS - INDONESIA a043108211 a043208211 a043308211